Derecho, persona y ciudadanía. Una experiencia jurídica comparada.

Salvato in:
Dettagli Bibliografici
Autore principale: Periñán Gómez, Bernardo (autor)
Natura: Libro
Lingua:spagnolo
Pubblicazione: Madrid Marcial Pons; Ediciones Jurídicas y Sociales, 2010.
Soggetti:
Tags: Aggiungi Tag
Nessun Tag, puoi essere il primo ad aggiungerne!!

MARC

LEADER 00000cam a2200000 a 4500
001 UCE9275
003 CL-VaPUC
005 20220822114409.0
008 151016e20100000sp |||||||||||||||||spa|d
999 |c 360944  |d 360942 
020 |a 978-84-9768-721-8 
040 |c Pontificia Universidad Católica de Valparaíso 
082 0 4 |a 346.46 PER 2010  |2 21 
100 |a Periñán Gómez, Bernardo  |e autor  |9 583705 
245 1 0 |a Derecho, persona y ciudadanía.  |b Una experiencia jurídica comparada. 
260 |a Madrid  |b Marcial Pons;  |b Ediciones Jurídicas y Sociales,  |c 2010. 
300 |a 693 páginas.  
500 |a c.2 Donación Familia Prof. Alejandro Guzmán Brito. 
583 |a last modification  |c 20151016 11:49:00  |k Rodrigo Vera 
650 0 |a Derecho español  |9 255291 
650 0 |a Derecho privado español  |9 530544 
942 |c BK  |2 ddc  |n 0 
945 |d 20151016 11:49:00  |a dcastane 
952 |0 0  |1 0  |3 erb  |4 0  |6 346_460000000000000_PER_2010  |7 0  |8 A  |9 471228  |a BIBDER  |b BIBDER  |i 5242827  |o 346.46 PER 2010  |p 5242827  |r 2023-01-25  |w 2019-11-24  |y BK  |z Catalogado en:20151016  |k DER 
952 |0 0  |1 0  |2 ddc  |4 0  |6 346_460000000000000_PER_2010  |7 1  |8 C_AGB  |9 580417  |a BIBDER  |b BIBDER  |d 2022-01-11  |e Donación   |i 5637597   |o 346.46 PER 2010  |p 5637597  |r 2023-01-25  |t 2  |w 2022-01-11  |y BK_US  |k AGB